Modificaciones del equilibrio ácido-base fetal tras la aplicación de vacuum y forceps medios / (Record no. 180330)

MARC details
000 -LEADER
campo de control de longitud fija 00823nam a2200205 i 4500
001 - NÚMERO DE CONTROL
campo de control 180330
003 - IDENTIFICADOR DE NÚMERO DE CONTROL
campo de control ES-MaACL
005 - FECHA Y HORA DE LA ÚLTIMA TRANSACCIÓN
campo de control 20230906221050.0
008 - DATOS DE LONGITUD FIJA--INFORMACIÓN GENERAL
campo de control de longitud fija 120528s1975 sp |||| | spa d
080 ## - NÚMERO DE LA CLASIFICACIÓN DECIMAL UNIVERSAL
Número de la Clasificación Decimal Universal 616.152.11-053.31(043.2)
100 1# - ENTRADA PRINCIPAL--NOMBRE DE PERSONA
Nombre de persona Fuste Servet, Fernando.
9 (RLIN) 150157
245 10 - MENCIÓN DEL TÍTULO
Título Modificaciones del equilibrio ácido-base fetal tras la aplicación de vacuum y forceps medios /
Mención de responsabilidad, etc. por Fernando Fuste Servet.
260 ## - PUBLICACIÓN, DISTRIBUCIÓN, ETC.
Lugar de publicación, distribución, etc. Barcelona :
Nombre del editor, distribuidor, etc. Universidad, Secretariado de Publicaciones, Intercambio Científico y Extensión Universitaria,
Fecha de publicación, distribución, etc. 1975.
300 ## - DESCRIPCIÓN FÍSICA
Extensión 14 p., :
Otras características físicas il. ; gráf. ;
Dimensiones 25 cm.
502 ## - NOTA DE TESIS
Nota de tesis Tesis-Universidad Barcelona (Extracto)
504 ## - NOTA DE BIBLIOGRAFÍA, ETC.
Nota de bibliografía, etc. Bibliografía: p. 14.
650 #4 - PUNTO DE ACCESO ADICIONAL DE MATERIA--TÉRMINO DE MATERIA
Término de materia o nombre geográfico como elemento de entrada Niños recién nacidos.
9 (RLIN) 147185
710 2# - ENTRADA AGREGADA--NOMBRE DE ENTIDAD CORPORATIVA
Nombre de entidad corporativa o nombre de jurisdicción como elemento de entrada Universidad de Barcelona.
9 (RLIN) 7141
852 ## - LOCALIZACIÓN
Ubicación ES-MaACL
Número de control de estantería E-15361(159)
Holdings
Estatus retirado Estado de pérdida Estado de daño No para préstamo Biblioteca de origen Biblioteca actual Ubicación en estantería Fecha de adquisición Fuente de adquisición Total de préstamos Signatura topográfica completa Código de barras Visto por última vez Precio de reemplazo Tipo de ítem Koha
        Biblioteca del Ateneo de Madrid Biblioteca del Ateneo de Madrid Depósito 2 28/05/2012     E-15361(159) 1189485 23/02/2023 23/02/2023 Libro impreso